| 000 | 01071cam a22002538i 4500 | ||
|---|---|---|---|
| 999 |
_c58098 _d58098 |
||
| 001 | 18708879 | ||
| 005 | 20210615114442.0 | ||
| 008 | 150721s2016 enk b 001 0 eng | ||
| 020 | _a9781849055901 | ||
| 041 | _aeng | ||
| 080 | _a376-056.2 H-88 | ||
| 100 | 1 |
_aHudson, Diana _912046 |
|
| 245 | 1 | 0 |
_aSpecific learning difficulties : _bwhat teachers need to know / _cDiana Hudson ; illustrated by Jon English. |
| 264 | 1 |
_aLondon ; _aPhiladelphia : _bJessica Kingsley Publishers, _c2016. |
|
| 300 |
_a244 pages ; _c22 cm. |
||
| 653 | _aსწავლის კონკრეტული სირთულეები | ||
| 653 | _aОсобые трудности в обучении | ||
| 653 | _aსწავლის უნარის შეზღუდვა | ||
| 653 | _aНарушения обучаемости | ||
| 653 | _aчто нужно знать учителям | ||
| 653 | _aრა უნდა იცოდნენ მასწავლებლებმა | ||
| 700 |
_aEnglish, Jon _eმხატვარი _912047 |
||
| 942 |
_2udc _cBK |
||